000
00298nam a22001337a 4500
008
170220b xxu||||| |||| 00| 0 eng d
020
_a
9780781756518
041
_a
eng
080
_2
7 ED
_a
615
100
_a
5
101
_a
SHF
245
_a
DRUGS PREGNANCY LACTATION
_c
G.G.BRIGGS
942
_2
udc
_c
BK
999
_c
5838
_d
5838